Optimizacin̤ del uso de fertilizantes para el cultivo de caf̌
La cad̕a del precio del caf ̌en las diferentes bolsas de valores del mundo hace que esta actividad sea cada vez menos rentable por los elevados costos de produccin̤. La mano de obra y la fertilizacin̤ son los factores ms̀ importantes en la produccin̤. El props̤ito de este estudio fue minimizar los c...
Saved in:
| 其他作者: | , , |
|---|---|
| 格式: | 圖書 |
| 語言: | 西班牙语 |
| 主題: | |
| 在線閱讀: | Optimizacin̤ del uso de fertilizantes para el cultivo de caf̌ |
| 標簽: |
添加標簽
沒有標簽, 成為第一個標記此記錄!
|
MARC
| LEADER | 00000nam a22000004a 4500 | ||
|---|---|---|---|
| 001 | vpro11344 | ||
| 005 | 20201223000000.0 | ||
| 008 | 170303s2017 ck # g## #001 0#spa#d | ||
| 020 | |||
| 022 | |a 2007-0934 | ||
| 040 | |a CO-BoINGC | ||
| 041 | 0 | |a spa | |
| 245 | 1 | 0 | |a Optimizacin̤ del uso de fertilizantes para el cultivo de caf̌ |
| 246 | |a Optimizing fertilizer use in coffee crops | ||
| 264 | |a Bogot ̀(Colombia) : |b Revista VirtualPRO, |c 2017 | ||
| 520 | 3 | |a La cad̕a del precio del caf ̌en las diferentes bolsas de valores del mundo hace que esta actividad sea cada vez menos rentable por los elevados costos de produccin̤. La mano de obra y la fertilizacin̤ son los factores ms̀ importantes en la produccin̤. El props̤ito de este estudio fue minimizar los costos por el uso de fertilizantes por hectr̀ea-aǫ, utilizando programacin̤ lineal con diferentes fuentes nutricionales que se encuentran disponibles en el mercado del municipio de Gigante (Huila, Colombia). | |
| 650 | \ | \ | |a Agroindustria |
| 650 | \ | \ | |a Cultivos y suelos |
| 650 | \ | \ | |a Industria del caf̌ |
| 650 | \ | \ | |a Precios del caf̌ |
| 650 | \ | \ | |a Agro-industry |
| 650 | \ | \ | |a Crops and soils |
| 650 | \ | \ | |a Coffee industry |
| 650 | \ | \ | |a Coffee prices |
| 650 | \ | \ | |a Cultivo de caf̌ |
| 650 | \ | \ | |a Fertilizantes |
| 650 | \ | \ | |a Macronutrientes |
| 650 | \ | \ | |a Reduccin̤ de costos |
| 650 | \ | \ | |a Programacin̤ lineal |
| 650 | \ | \ | |a Colombia |
| 650 | \ | \ | |a Coffee cultivation |
| 650 | \ | \ | |a Fertilizers |
| 650 | \ | \ | |a Macronutrients |
| 650 | \ | \ | |a Cost reduction |
| 650 | \ | \ | |a Linear programming |
| 650 | \ | \ | |a Colombia |
| 700 | \ | \ | |a Bedoya Cardoso Mario |
| 700 | \ | \ | |a Salazar Moreno Raquel |
| 700 | \ | \ | |a Instituto Nacional de Investigaciones Forestales, Agrc̕olas y Pecuarias |
| 856 | |z Optimizacin̤ del uso de fertilizantes para el cultivo de caf̌ |u https://virtualpro.unach.elogim.com/biblioteca/optimizacion-del-uso-de-fertilizantes-para-el-cultivo-de-cafe | ||